Statistics for FIFA World Cup 2022 Teams - Complete Edition

Click here to take the quiz!

General Stats

  • This quiz has been taken 33 times
    (15 since last reset)
  • The average score is 27 of 32

Answer Stats

ContinentCountry% Correct
South AmericaBrazil
100%
North AmericaCanada
100%
EuropeFrance
100%
EuropeGermany
100%
AsiaJapan
100%
EuropeSpain
100%
North AmericaUnited States
100%
South AmericaArgentina
93%
OceaniaAustralia
93%
EuropeBelgium
93%
EuropeEngland
93%
North AmericaMexico
93%
EuropeNetherlands
93%
EuropePortugal
93%
AfricaSenegal
86%
AsiaSouth Korea
86%
South AmericaCosta Rica
79%
EuropeDenmark
79%
AfricaMorocco
79%
EuropePoland
79%
AsiaSaudi Arabia
79%
South AmericaUruguay
79%
AfricaCameroon
71%
EuropeCroatia
71%
South AmericaEcuador
71%
AfricaGhana
71%
AsiaIran
71%
AsiaQatar
71%
EuropeSerbia
71%
EuropeSwitzerland
71%
AfricaTunisia
71%
EuropeWales
64%

Score Distribution

Percentile by Number Answered

Percent of People with Each Score

Your Score History

You have not taken this quiz since the last reset